Magic without magic (Record no. 7860)

MARC details
000 -LEADER
fixed length control field 00598nam a2200181Ia 4500
003 - CONTROL NUMBER IDENTIFIER
control field IN-BaIIA
008 - FIXED-LENGTH DATA ELEMENTS--GENERAL INFORMATION
fixed length control field 211028s9999 xx 000 0 eng d
020 ## - INTERNATIONAL STANDARD BOOK NUMBER
International Standard Book Number 0-7167-0337-8
040 ## - CATALOGING SOURCE
Transcribing agency IIA Library
080 ## - UNIVERSAL DECIMAL CLASSIFICATION NUMBER
Universal Decimal Classification number 5
Item number KLA
100 ## - MAIN ENTRY--PERSONAL NAME
Personal name Klauder, John R.
9 (RLIN) 13266
245 #0 - TITLE STATEMENT
Title Magic without magic
Remainder of title john archibald wheeler a collection of essays in honor of his sixtieth birthday
Statement of responsibility, etc. John R. Klauder
260 ## - PUBLICATION, DISTRIBUTION, ETC.
Place of publication, distribution, etc. San Francisco
Name of publisher, distributor, etc. W. H. Freeman
Date of publication, distribution, etc. 1972
300 ## - PHYSICAL DESCRIPTION
Extent xii, 491p.
650 ## - SUBJECT ADDED ENTRY--TOPICAL TERM
Topical term or geographic name entry element J.H.Wheeler
9 (RLIN) 13267
650 ## - SUBJECT ADDED ENTRY--TOPICAL TERM
Topical term or geographic name entry element Science essays
9 (RLIN) 13268
942 ## - ADDED ENTRY ELEMENTS (KOHA)
Koha item type Books
Holdings
Withdrawn status Lost status Damaged status Not for loan Home library Current library Shelving location Date acquired Total Checkouts Full call number Barcode Date last seen Price effective from Koha item type
        IIA Library-Bangalore IIA Library-Bangalore General Stacks 29/02/1984   5/ KLA 8681 05/11/2021 29/02/1984 Books

Powered by Koha